| 000 | 01187nam a2200277Ia 4500 | ||
|---|---|---|---|
| 999 |
_c46507 _d46507 |
||
| 001 | 13346 | ||
| 003 | GE_BSU | ||
| 005 | 20210225184315.0 | ||
| 008 | 181216s2014||||ge |||||||||||||| ||geo|| | ||
| 020 | _a9789941055041 | ||
| 020 | _cსაგანთა საძიებელი: გვ. 179-195 | ||
| 040 | _cGE_BSU | ||
| 041 | _ageo | ||
| 080 | _a17 ც-92 | ||
| 100 |
_aცუცქირიძე, მერი _910248 |
||
| 245 |
_aკეთილმძლეობის ეთიკა : _b(სულხან-საბა ორბელიანი) / _cმერი ცუცქირიძე ; რედ. გიორგი ბარამიძე. |
||
| 264 |
_aთბილისი : _b[გ.გ], _c2014. |
||
| 300 |
_a195 გვ. ; _c21 სმ. |
||
| 300 | _eლექსიკონი: გვ. 140-166 | ||
| 504 | _aბიბლიოგრ. : გვ. 135-139 | ||
| 653 | _a(სულხან-საბა ორბელიანი) | ||
| 653 | _aეთიკა | ||
| 653 | _aკეთილმძლეობის ეთიკა | ||
| 700 |
_aბარამიძე, გიორგი _eრედაქტორი _910249 |
||
| 942 |
_cBK _2udc |
||